01119nam a2200277 a 4500001001200000003000800012006001900020007001500039008004100054020001800095020002700113040002100140035002100161050002900182100002000211245006900231260005100300300001100351533015200362650005000514650007700564650002800641655002900669710001700698856012600715ebr10509120CaPaEBRm u cr cn|||||||||111107s2011 xra s 000 1 eng d z9781862549449 z9781862549692 (e-book) aCaPaEBRcCaPaEBR a(OCoLC)76918866214aPR9619.4.M38bE53 2011eb1 aMatthew, Amy T.10aEnd of the night girlh[electronic resource] /cAmy T. Matthews. aKent Town, S. Aust. :bWakefield Press,c2011. a277 p. aElectronic reproduction.bPalo Alto, Calif. :cebrary,d2011.nAvailable via World Wide Web.nAccess may be limited to ebrary affiliated libraries. 0aHolocaust, Jewish (1939-1945), in literature. 0aHolocaust, Jewish (1939-1945), in literaturexMoral and ethical aspects. 0aGenocide in literature. 7aElectronic books.2local2 aebrary, Inc.40uhttp://site.ebrary.com/lib/rucke/Doc?id=10509120zAn electronic book accessible through the World Wide Web; click to view